Jednotní platební prostor ve všech členských státech Evropské unie do roku 2010?

Plán Európskej komisie na vytvorenie právnych podmienok pre bezpečné, rýchle a lacné cezhraničné elektronické platby. Cieľ novej legislatívy. Návrh smernice, ktorá by sa týkala platieb v akejkoľvek mene. Lepšia regulácia a harmonizácia podmienok cezhraničných elektronických platieb.

Gespeichert in:
Bibliographische Detailangaben
1. Verfasser: Kodiš, Václav
Format: Buchkapitel
Sprache:Tschechisch
Schlagworte:
Tags: Tag hinzufügen
Keine Tags, Fügen Sie das erste Tag hinzu!

MARC

LEADER 00000naa$a2200000$$$4500
001 0044854
005 20230927102716.1
041 0 |a cze 
044 |a CZ 
245 1 0 |a Jednotní platební prostor ve všech členských státech Evropské unie do roku 2010?  |c Václav Kodiš 
520 |a Plán Európskej komisie na vytvorenie právnych podmienok pre bezpečné, rýchle a lacné cezhraničné elektronické platby. Cieľ novej legislatívy. Návrh smernice, ktorá by sa týkala platieb v akejkoľvek mene. Lepšia regulácia a harmonizácia podmienok cezhraničných elektronických platieb. 
610 2 0 |a bankovníctvo elektronické 
610 2 0 |a financie 
610 2 0 |a mena 
610 2 0 |a euro 
610 2 0 |a styk platobný medzinárodný 
610 2 0 |a Európska únia 
610 2 0 |a spolupráca medzinárodná 
610 2 0 |a harmonizácia 
610 2 0 |a legislatíva 
100 1 |a Kodiš, Václav